000 00504nam a2200181Ia 4500
005 20250508150743.0
008 008 250505s9999 xx 000 0 eng d
037 _aTextual
040 _aFEDL
_beng
_cFEDL
041 _aeng
_2eng
084 _a751.42, STE
_qFEDL
100 _aStearu Frank
_9757540
245 0 _aWhy not paint a water color?
260 _aNew York, USA
_bSentinel Books Publishers
_c1946
300 _a94p.
942 _cTEXL
_h751.42, STE
999 _c1325462
_d1325462